2022 NBA Draft - Statistics

General Stats
  • This quiz has been taken 82 times
  • The average score is 21 of 60
Answer Stats
Pick Team Answer From % Correct
1 Magic Paolo Banchero Duke
100%
2 Thunder Chet Holmgren Gonzaga
95%
3 Rockets Jabari Smith Jr. Auburn
93%
4 Kings Keegan Murray Iowa
85%
5 Pistons Jaden Ivey Purdue
83%
47 Grizzlies Vince Williams Jr. VCU
80%
12 Thunder Jalen Williams Santa Clara
78%
34 Thunder Jaylin Williams Arkansas
78%
15 Hornets Mark Williams Duke
78%
6 Pacers Bennedict Mathurin Arizona
76%
9 Spurs Jeremy Sochan Baylor
71%
7 Trailblazers Shaedon Sharpe Kentucky
66%
10 Wizards Johnny Davis Wisconsin
63%
13 Pistons Jalen Duren Memphis
61%
53 Celtics JD Davis Alabama
61%
21 Nuggets Christian Braun Kansas
47%
8 Pelicans Dyson Daniels G League Ignite
47%
27 Heat Nikola Jovic Serbia
44%
11 Thunder Ousmane Dieng Austrailia
44%
14 Cavaliers Ochai Agbaji Kansas
42%
31 Pacers Andrew Nembhard Gonzaga
37%
16 Hawks AJ Griffin Duke
36%
20 Spurs Malaki Branham Ohio State
34%
24 Bucks MarJon Beauchamp G League Ignite
32%
22 Jazz Walker Kessler Auburn
32%
17 Rockets Tari Eason LSU
31%
18 Bulls Dalen Terry Arizona
27%
19 Grizzlies Jake LaRavia Wake Forest
27%
48 Pacers Kendall Brown Baylor
27%
28 Warriors Patrick Baldwin Jr. Milwaukee
25%
29 Rockets TyTy Washington Jr. Kentucky
25%
49 Cavaliers Isaiah Mobley USC
24%
59 Trailblazers Jabari Walker Colorado
24%
30 Nuggets Peyton Watson UCLA
24%
23 Grizzlies David Roddy Colorado State
22%
35 Lakers Max Christie Michigan State
20%
25 Spurs Blake Wesley Notre Dame
17%
41 Pelicans E.J. Liddell Ohio State
17%
37 Mavericks Jaden Hardy G League Ignite
17%
54 Bucks None Forfeited
15%
55 Heat None Forfeited
15%
51 Hawks Tyrese Martin UConn
15%
26 Timberwolves Wendell Moore Jr. Duke
15%
32 Magic Caleb Houstan Michigan
14%
58 Cavaliers Luke Travers Austrailia
14%
38 Grizzlies Kennedy Chandler Tennessee
12%
42 Knicks Trevor Keels Duke
12%
40 Hornets Bryce McGowens Nebraska
10%
33 Raptors Christian Koloko Arizona
10%
45 Timberwolves Josh Minott Memphis
10%
39 Cavaliers Khalifa Diop Spain
10%
44 Warriors Ryan Rollins Toledo
10%
57 Warriors Gui Santos Brazil
8%
46 Nuggets Ismael Kamagate France
8%
43 Clippers Moussa Diabate Michigan
8%
36 Pistons Gabriele Procida Italy
7%
60 Bucks Hugo Besson Austrailia
7%
50 Timberwolves Matteo Spagnolo Italy
7%
56 Wizards Yannick Nzosa Spain
7%
52 Pelicans Karlo Matkovic Serbia
5%
No matching quizzes found
Score Distribution
Percent of People with Each Score
Percentile by Number Answered
Your Score History
You have not taken this quiz